| 000 | 00832cas a22002535a 4500 | ||
|---|---|---|---|
| 001 | ##L99266 | ||
| 008 | 070613c1995 xxkmr p 0 a0eng | ||
| 022 | 1 | _a1360-3566 | |
| 035 | _a(Sirsi) u99266 | ||
| 041 | 0 | _aeng | |
| 110 | 2 |
_aChartered Institute of Building _92134 |
|
| 245 | 0 | 0 | _aConstruction Manager |
| 260 | 3 |
_aLondon _bCIOB _c1995- |
|
| 362 | _a1(1) October 1995-January 1999; January 2001- | ||
| 510 | 2 |
_aKnowledge Alert _c2006- |
|
| 520 | _aFree registration to website which includes articles from the current issue and a searchable archive. Also provides a job search and events details. | ||
| 554 | _aTen per year | ||
| 651 | 4 |
_aUnited Kingdom _y |
|
| 690 | _aBUILT ENVIRONMENT | ||
| 780 | 0 | 0 | _tChartered Builder |
| 856 | 4 | 8 | _uhttps://www.construction-manager.co.uk/ |
| 942 | _n0 | ||
| 948 | _c26/02/1998 | ||
| 999 |
_c118687 _d118687 |
||